[Event "Sardegna Regional-ch"]
[Site "Cagliari"]
[Date "2015.06.01"]
[Round "4"]
[White "Caddeo, Pierluigi"]
[Black "Marras, Giuseppe"]
[Result "0-1"]
[WhiteElo "1546"]
[BlackElo "1774"]
[PlyCount "144"]
[EventDate "2015.05.30"]
[EventType "swiss"]
[EventRounds "6"]
[EventCountry "ITA"]
[SourceTitle "EXT 2017"]
[Source "ChessBase"]
[SourceDate "2016.10.25"]
[SourceVersion "1"]
[SourceVersionDate "2016.10.25"]
[SourceQuality "1"]

1. e4 e6 2. d4 d5 3. e5 c5 4. Nf3 cxd4 5. Nxd4 Nc6 6. Be3 Nxe5 7. Nc3 Bb4 8. Qd2 Nf6 9. a3 Ne4 10. Qc1 Bxc3+ 11. bxc3 0-0 12. Qb2 a6 13. Rd1 Qc7 14. Ne2 Nc4 15. Qc1 Bd7 16. Bf4 e5 17. Bg3 Be6 18. Qa1 Qa5 19. f3 Nxg3 20. Nxg3 Rac8 21. Rd3 Qxa3 22. Qxa3 Nxa3 23. Kd2 Nb1+ 24. Kc1 Nxc3 25. Kb2 Na4+ 26. Ka3 b5 27. Rd2 Nb6 28. Kb4 Nc4 29. Bxc4 Rxc4+ 30. Ka5 Rb8 31. Ra1 f5 32. Ne2 Rd8 33. Kb6 Rd6+ 34. Ka5 d4 35. Ra3 f4 36. Nc3 Rdc6 37. Ne4 Bf5 38. g3 Bxe4 39. fxe4 fxg3 40. hxg3 Rc3 41. Rxc3 Rxc3 42. Kxa6 b4 43. Kb5 b3 44. cxb3 Rxb3+ 45. Kc4 Rxg3 46. Kd5 Rg5 47. Ke6 h6 48. Rb2 Kh7 49. Rh2 Kg6 50. Rh1 Kh7 51. Rh2 Kg8 52. Rf2 h5 53. Rh2 Kf8 54. Rf2+ Ke8 55. Ra2 Kd8 56. Kd6 Kc8 57. Kc6 Kb8 58. Rb2+ Kc8 59. Ra2 Rg6+ 60. Kd5 Kc7 61. Kxe5 d3 62. Kf4 Rd6 63. Rd2 Kd7 64. Kf5 Ke7 65. e5 Rd5 66. Kg6 Ke6 67. Kxh5 Kxe5 68. Kg4 Ke4 69. Kg3 Ke3 70. Ra2 d2 71. Ra3+ Ke2 72. Ra2 Ke1 0-1

[Event "Sardegna Regional-ch"]
[Site "Cagliari"]
[Date "2015.05.31"]
[Round "2"]
[White "Serra, Emanuele"]
[Black "Caddeo, Pierluigi"]
[Result "1-0"]
[WhiteElo "1815"]
[BlackElo "1546"]
[PlyCount "89"]
[EventDate "2015.05.30"]
[EventType "swiss"]
[EventRounds "6"]
[EventCountry "ITA"]
[SourceTitle "EXT 2017"]
[Source "ChessBase"]
[SourceDate "2016.10.25"]
[SourceVersion "1"]
[SourceVersionDate "2016.10.25"]
[SourceQuality "1"]

1. c4 e6 2. Nc3 Nf6 3. g3 Be7 4. Bg2 0-0 5. e4 Nc6 6. d4 d6 7. Nge2 a6 8. 0-0 e5 9. h3 Na7 10. a4 Rb8 11. Be3 c5 12. d5 Bd7 13. f4 Qc7 14. fxe5 dxe5 15. a5 b5 16. axb6 Rxb6 17. Bc1 Rfb8 18. g4 h6 19. Ng3 Nc8 20. Nf5 Bxf5 21. exf5 Nd6 22. Qe2 Nd7 23. Ne4 f6 24. Nxd6 Bxd6 25. Be4 Qa7 26. Rf3 Rb4 27. Rfa3 R8b6 28. h4 Rb3 29. Kg2 Rxa3 30. Rxa3 a5 31. g5 Bf8 32. gxh6 gxh6 33. Qh5 Bg7 34. Rg3 Nf8 35. Qxh6 Rb7 36. d6 Nh7 37. Bd5+ Kh8 38. Kh3 Rb3 39. Rxb3 Bxh6 40. Rb7 Qa6 41. Bxh6 Ng5+ 42. hxg5 fxg5 43. Bg7+ Kh7 44. Bxe5+ Kh6 45. Rb8 1-0